000 00431nam a2200157 i 4500
001 bg
100 1 _aIHNATOWICZ, Ireneusz
245 0 _aSpołeczeństwo polskie od X do XX wieku /
_cIreneusz Ihnatowicz, Antoni Maczak, Benedykt Zientora.
260 _aWarszawa,
_c1979.
700 1 _aMACZAK, Antoni
700 1 _aZIENTORA, Benedykt
040 _cBPK
041 _apol
942 _cKS
008 s pl f |000 0 pol
999 _c9905
_d9905
856 _uhttp://koha.tu.koszalin.pl/cgi-bin/koha/opac-detail.pl?biblionumber=9905
_yKatalog online BPK